Estudio socio-económico del agro en Coto Brus /
Analiza la estructura del agro en el cantón de Coto Brus, Costa Rica. Estudia las siguientes variables: tamaño de la finca, formas de tenencia de la tierra (cultivos anuales y permanentes, pastos, bosques), producción y productividad, tecnología (maquinaria, insumos), y mano de obra (contratada, fam...
Kaydedildi:
| Yazar: | |
|---|---|
| Diğer Yazarlar: | , |
| Materyal Türü: | Metin |
| Dil: | Spanish |
| Baskı/Yayın Bilgisi: |
Costa Rica :
UNA. Escuela de Ciencias Agrarias
|
| Konular: | |
| Etiketler: |
Etiketle
Etiket eklenmemiş, İlk siz ekleyin!
|
MARC
| LEADER | 00000 a a2200000 04500 | ||
|---|---|---|---|
| 001 | 14071 | ||
| 003 | cru CIDCACS/IIS | ||
| 005 | 20231128103109.0 | ||
| 008 | 231128b |||||||| |||| 00| 0 spa d | ||
| 040 | |c cru CIDCACS/IIS | ||
| 090 | |a 0001 G643e | ||
| 100 | |a González B, Rodrigo | ||
| 245 | |a Estudio socio-económico del agro en Coto Brus / |c Rodrigo González B. | ||
| 260 | |a Costa Rica : |b UNA. Escuela de Ciencias Agrarias | ||
| 300 | |a 4; 48 p. | ||
| 520 | |a Analiza la estructura del agro en el cantón de Coto Brus, Costa Rica. Estudia las siguientes variables: tamaño de la finca, formas de tenencia de la tierra (cultivos anuales y permanentes, pastos, bosques), producción y productividad, tecnología (maquinaria, insumos), y mano de obra (contratada, familiar, vendida)./ACM | ||
| 650 | |a AGRICULTURA | ||
| 650 | |a ESTRUCTURA AGRARIA | ||
| 650 | |a SISTEMAS DE TENENCIA DE LA TIERRA | ||
| 650 | |a PRODUCCION AGRICOLA | ||
| 650 | |a INDICADORES ECONOMICOS | ||
| 650 | |a CUADROS ESTADISTICOS | ||
| 700 | |a Alvarez B, Víctor | ||
| 700 | |a Jiménez Acuña, Agustín | ||
| 942 | |2 z |c LITG | ||
| 999 | |c 10577 |d 10577 | ||
